书目信息 |
| 题名: |
组织管理心理学
|
|
| 作者: | 王垒 | |
| 分册: | ||
| 出版信息: | 北京 北京大学 1993 |
|
| 页数: | 229页 | |
| 开本: | 20cm | |
| 丛书名: | 心理学丛书 | |
| 单 册: | ||
| 中图分类: | B849:C93 , B849 | |
| 科图分类: | ||
| 主题词: | 应用心理学 | |
| 电子资源: | ||
| ISBN: | 7-301-02405-3 | |
| 000 | 00569nam0 2200217 450 | |
| 001 | 1563928492 | |
| 005 | 20150130174604.18 | |
| 010 | @a7-301-02405-3@dCNY8.95 | |
| 100 | @a20070818d km y0chiy0120 ea | |
| 101 | 0 | @achi |
| 200 | 1 | @a组织管理心理学@Azu zhi guan li xin li xue@f王垒@Fwang lei |
| 210 | @a北京@c北京大学@d1993 | |
| 215 | @a229页@d20cm | |
| 225 | 2 | @a心理学丛书 |
| 410 | 0 | @12001 @a心理学丛书 |
| 606 | 0 | @a应用心理学 |
| 690 | @aB849:C93@v3 | |
| 690 | @aB849@v4 | |
| 701 | 0 | @a王垒@Awang lei |
| 801 | 0 | @aCN@bTSSF@c20150130 |
| 905 | @aZUCC@dB849@eJY51 | |
| 组织管理心理学/王垒.-北京:北京大学,1993 |
| 229页;20cm.-(心理学丛书) |
| ISBN 7-301-02405-3:CNY8.95 |
| ● |
| 相关链接 |
|
|
|
|
正题名:组织管理心理学
索取号:B849/JY51
 
预约/预借
| 序号 | 登录号 | 条形码 | 馆藏地/架位号 | 状态 | 备注 |
| 1 | 7846041 | 278460416 | 学院路分馆/ [索取号:B849/JY51] | 在馆 |